| 000 | 00802nam a2200217 a 4500 | ||
|---|---|---|---|
| 003 | 0 | ||
| 005 | 20250407101353.0 | ||
| 008 | 050809s19uu xx 00 eng d | ||
| 050 |
_aPGS QL 512.5.N44 _b.P221 2005 |
||
| 100 | _aPar, Alysa Yvette O. | ||
| 245 |
_aThe use of neem tree leaves extract as an effective alternative to commercial mosquito repellants / _cPar, Alysa Yvette O. |
||
| 260 |
_aLas PiƱas City, Philippines : _bSouthville International School and Colleges, _c2005. |
||
| 300 |
_a59 pages : _billustrations ; _c28 cm. |
||
| 504 | _aIncludes bibliographical references. | ||
| 650 |
_aMosquitoes _vControl. |
||
| 650 | _aNeem tree. | ||
| 650 | _aBiological pest control agents. | ||
| 650 |
_aInsect repellents _vTesting. |
||
| 650 |
_aInsecticides _vNatural. |
||
| 942 |
_2lcc _cPASS |
||
| 999 |
_c97410 _d97410 |
||